Chamber of Secrets Chapters (Clickable) Quiz Stats

 Plays Quiz not verified by Sporcle

Score 0/18 Timer 04:00
0 Plays Today
% Correct
The Chamber of Secrets
92.5%
The Polyjuice Potion
91.5%
The Writing on the Wall
90.8%
Dobby's Warning
90.7%
The Heir of Slytherin
90.7%
Gilderoy Lockhart
88.6%
The Duelling Club
88.1%
The Deathday Party
86.9%
The Burrow
86.5%
% Correct
The Whomping Willow
86%
Dobby's Reward
85.7%
Mudbloods and Murmurs
85.6%
The Worst Birthday
84.8%
The Rogue Bludger
84.3%
Aragog
83%
The Very Secret Diary
80.5%
At Flourish and Blotts
80.3%
Cornelius Fudge
61.9%

You're not logged in!

Compare scores with friends on all Sporcle quizzes.
Join for Free
OR
Log In

You Might Also Like...

Show Comments

Extras

Top Quizzes Today


Score Distribution

Your Account Isn't Verified!

In order to create a playlist on Sporcle, you need to verify the email address you used during registration. Go to your Sporcle Settings to finish the process.

Report this User

Report this user for behavior that violates our Community Guidelines.

Details: